| 000 | 00600nam a2200181Ia 4500 | ||
|---|---|---|---|
| 008 | 151018s9999 xx 000 0 und d | ||
| 082 |
_bRBASDV43653 _a891.463 |
||
| 100 | _aनयना आचार्य | ||
| 245 | _aउंच भुवया कोरलेल्या | ||
| 250 | _b1 | ||
| 260 |
_bपायल _c2007 |
||
| 300 | _a188 | ||
| 600 | _aनयना आचार्य | ||
| 630 | _aउंच भुवया कोरलेल्या | ||
| 700 | _aनयना आचार्य | ||
| 730 | _aउंच भुवया कोरलेल्या | ||
| 942 | _cBOOK | ||
| 999 |
_c1042866 _d1042863 |
||